ბათუმის შოთა რუსთაველის სახელმწიფო უნივერსიტეტის ბიბლიოთეკა

წინაქრისტიანული ხანის ქართული ხელოვნება : არქეოლოგიური ჟურნალი : (ბიბ.ჩანაწერი № 61575)

000 -LEADER
fixed length control field 00888nam a22001817a 4500
005 - DATE AND TIME OF LATEST TRANSACTION
control field 20240326103917.0
008 - FIXED-LENGTH DATA ELEMENTS--GENERAL INFORMATION
fixed length control field 240326c2001 ru ||||| |||| 00| 0 geo d
022 ## - INTERNATIONAL STANDARD SERIAL NUMBER
International Standard Serial Number 1512-0414
041 ## - LANGUAGE CODE
Language code of text/sound track or separate title geo
245 ## - TITLE STATEMENT
Title წინაქრისტიანული ხანის ქართული ხელოვნება : არქეოლოგიური ჟურნალი :
Remainder of title 2001. მეორე სამეცნიერო სესია. დამატება 1. /
Statement of responsibility, etc. მთავარი რედაქტორი ზ. ბრაგვაძე.
260 ## - PUBLICATION, DISTRIBUTION, ETC.
Place of publication, distribution, etc. თბილისი,
Date of publication, distribution, etc. 2001.
300 ## - PHYSICAL DESCRIPTION
Extent V.
653 ## - INDEX TERM--UNCONTROLLED
Uncontrolled term ქართული ხელოვნება
653 ## - INDEX TERM--UNCONTROLLED
Uncontrolled term პერიოდიკა
653 ## - INDEX TERM--UNCONTROLLED
Uncontrolled term არქეოლოგია
700 ## - ADDED ENTRY--PERSONAL NAME
Personal name ბრაგვაძე, ზ.
Relator term რედაქტორი
9 (RLIN) 18273
942 ## - ADDED ENTRY ELEMENTS (KOHA)
Source of classification or shelving scheme
Koha item type პერიოდიკა
ეგზემპლარები
Withdrawn status Lost status Source of classification or shelving scheme Damaged status Not for loan Permanent Location Current Location Date acquired Serial Enumeration / chronology Barcode Date last seen Copy number Uniform Resource Identifier Price effective from Koha item type
          ბათუმის შოთა რუსთაველის სახელმწიფო უნივერსიტეტის მთავარი ბიბლიოთეკა ბათუმის შოთა რუსთაველის სახელმწიფო უნივერსიტეტის მთავარი ბიბლიოთეკა 2024-03-26 2001 81181 2024-03-26 81181 ბსუ-ს საპატიო დოქტორის გურამ ლორთქიფანიძის საჩუქარი 2024-03-26 პერიოდიკა